000 00409nam a2200157Ia 4500
008 231217s9999 xx 000 0 und d
020 _a8178810573
041 _aEnglish
082 _a346.004 NAI;5
100 _aNaidu, Kumar Swamy G ed.
245 0 _aEquity markets : a new paradigm
260 _cNULL
_bIcfai
_aHyderabad
300 _axiii, 188+A14
650 _aEquity,markets,paradigm
942 _cAA
999 _c188820
_d188820